000 00590cam a22001457a 4500
008 180718b2007 xxu||||| |||| 00| 0 eng d
082 _aA81x54 01/25/PT12A&B/AN
100 _aCensus of India 2001
245 _aGujarat district census handbook, Anand: village and town directory, village and townwise primary census abstract
260 _aAhmadabad
_bDirectorate of Census Operations
_c2007
300 _a455p.
440 _aCensus of India 2001. Series-25, Gujarat. Part XII - A&B
650 _aCities and towns - Directories - Census - India - Gujarat - Anand
650 _aAnand - Census
999 _c489239
_d489239